Caribbean, Central & South America Countries and Capitals Map Quiz - Statistics

General Stats
  • This quiz has been taken 249 times
  • The average score is 44 of 69
Answers on the Map
Answers color-coded by a green-red scale on the quiz's map according to % correct below.
 
Answer Stats
Answer % Correct
Mexico
95%
Mexico City
95%
Panama
92%
Panama City
92%
Brazil
91%
Cuba
88%
Guatemala
88%
Guatemala City
88%
Argentina
86%
Chile
86%
Honduras
86%
Peru
86%
Uruguay
86%
Colombia
85%
Haiti
85%
Paraguay
85%
Belize
84%
Bolivia
83%
Venezuela
83%
Costa Rica
82%
Ecuador
82%
El Salvador
82%
Nicaragua
82%
Jamaica
80%
Dominica
79%
Guyana
79%
Dominican Republic
78%
Suriname
75%
The Bahamas
71%
Trinidad and Tobago
62%
Havana
60%
Puerto Rico
59%
Saint Lucia
59%
San Salvador
57%
Buenos Aires
56%
Lima
56%
Saint Kitts and Nevis
56%
Antigua and Barbuda
55%
Bogotá
55%
Brasília
55%
Caracas
55%
Montevideo
55%
Santiago
55%
Kingston
54%
Quito
54%
Saint Vincent and the Grenadines
54%
La Paz
53%
San Jose
53%
Grenada
52%
Port-Au-Prince
51%
SantoDomingo
50%
Asunción
49%
Sucre
49%
Georgetown
48%
Managua
46%
Tegucigalpa
45%
Belmopan
43%
Nassau
43%
Paramaribo
41%
Port of Spain
38%
Rio de Janeiro
34%
Saint George’s
34%
Kingstown
33%
Basseterre
32%
Saint John’s
32%
Castries
31%
Roseau
29%
São Paulo
28%
San Juan
27%
No matching quizzes found
Score Distribution
Percent of People with Each Score
Percentile by Number Answered
Your Score History
You have not taken this quiz